000
00296nam a22001337a 4500
003
SGT
020
_a
9788194125440
082
_a
615
_b
GEO
100
_a
GEORGE MATHEW
245
_a
HANDBOOK ON CLINICAL PHARMACY PRACTICE
260
_a
INDIA
_b
CBS PUB
_c
2023
300
_a
146
942
_2
ddc
_c
BK
999
_c
34448
_d
34448